Loading...
| History - American | 0 | 2 | 0 | 1 | 20 | 72 | 97.50 | 0 | 1 | 3.54 | 9.09 |
| Fine Arts - Painting and Sculpture | 0 | 2 | 0 | 0 | 20 | 105 | 113.50 | 0 | 2 | 1.69 | 10.91 |
| History - World | 0 | 1 | 0 | 0 | 10 | 87 | 87.00 | 1 | 1 | 3.01 | 9.09 |
| Other Academic | 0 | 1 | 0 | 0 | 10 | 86 | 86.00 | 0 | 1 | 12.10 | 6.67 |
| Philosophy | 0 | 1 | 0 | 0 | 10 | 99 | 99.00 | 0 | 1 | 1.71 | 7.27 |
| Science - Biology | 0 | 1 | 0 | 0 | 10 | 108 | 108.00 | 0 | 0 | 0.77 | 1.82 |
| Science - Other | 0 | 1 | 0 | 0 | 10 | 98 | 98.00 | 0 | 1 | 1.14 | 5.45 |
| History - Other | 0 | 1 | 0 | 0 | 10 | 92 | 92.00 | 0 | 1 | 2.45 | 5.45 |
| Fine Arts - Other | 0 | 1 | 1 | 1 | 5 | 118 | 118.00 | 0 | 0 | 0.00 | 1.82 |